000 00342nam a2200133Ia 4500
008 240624s9999 xx 000 0 und d
041 _aeng
082 _a519.5 QUI
100 _aQUIRK THOMAS
245 _aEXCEL 2013 FOR HUMAN RESOURCE MANAGEMENT
260 _c2016
_aNew York
_bSpringer
300 _axvii, 252 p.; 23 cm.
365 _cERU
_b30
999 _c31352
_d31352